000 01423nam0a22002531 4500
001 rc\3283614
005 20260407051849.0
021 _aRU
_b[69-55879]
035 _a(NLR Aleph) 007493259
090 _a7635554
_c7635554
100 _a20130115d1969 |||y0rusy50 ca
101 0 _arus
102 _aRU
105 _ay z |||||
200 1 _aТезисы докладов
_fО-во "Знание" УССР. Серия ж.-д. транспорта. Киевский филиал Харьк. ин-та инженеров ж.-д. транспорта им. С.М. Кирова. Дом науч.-техн. информации и пропаганды Юго-Зап. ж. д. Первая Науч.-техн. конференция Киевского филиала ХИИТа с участием инж.-техн. работников Юго-Западной жел. дор. и предприятий Киева
210 _aКиев
_cБудiвельник
_d1969
215 _a32 с.
_d21
606 _aЖелезнодорожный транспорт
_jТезисы докладов
_2psbo
710 0 2 _aХарьковский институт инженеров железнодорожного транспорта им. С. М. Кирова
_bКиевский филиал
_9540454
_3RU\NLR\AUTH\8810021246
801 0 _aRU
_bNLR
_gpsbo
801 1 _aRU
_bELAR
_2rusmarc
852 _aNLR
_j69-6/6508
942 _cBOOK
980 _aNB